000 01578nam0a2200313 4500
001 RU\NLR\bibl\1190647
005 20260407012958.0
021 _aRU
_b2007-92023
_94973
035 _a(NLR Aleph) 001177203
090 _a1634530
_c1634530
100 _a20080219d2007 |||y0rusy50 ca
101 0 _arus
102 _aRU
105 _ay |||||||||
200 1 _aМетодическое пособие по противодействию наркомании и наркопреступности среди военнослужащих, проходящих военную службу по контракту
_fМ-во обороны Рос. Федерации, Гл. упр. воспитат. работы Вооружен. Сил Рос. Федерации
_g[сост.: А.В. Брагуца и др.]
_gпод общ. ред. А.А. Башлакова, к.т.н.
210 _aМосква
_cГУВР ВС РФ
_d2007
215 _a238, [1] с.
_d20
606 1 _aНаркомания в армии
_jМетодические пособия
_92503921
_3RU\NLR\auth\661484863
686 _aЦ4,6(2Р)243я8
686 _aС550.8я78
686 _aС550.518я78
702 1 _aБрагуца
_bА. В.
_4220
702 1 _aБашлаков
_bА. А.
_4340
712 0 1 _4570
_aРоссийская Федерация
_bГлавное управление воспитательной работы Вооруженных Сил
_3RU\NLR\AUTH\8810000910
_9498986
801 0 _aRU
_bNLR
_c20080219
_gRCR
801 1 _aRU
_bNLR
_c20080219
942 _cBOOK
980 _aNB